00461nam a22001337a 4500003000500000038001800005082000800023100001700031245011700048264003400165650003200199700003900231856005700270NUST aNusrat Nadeem a200 aAmara Umar,  aPerformance Analysis and Resource Optimization in Aerial Access and Edge Computing Networks for 6G/cUmar, Amara aIslamabad:bSEECS NUSTc2025. aPhD-Electrical Engineering  aSupervisor: Prof. Syed Ali Hassan uhttp://10.250.8.41:8080/xmlui/handle/123456789/57440